| 000 | 00382nam a22001577a 4500 | ||
|---|---|---|---|
| 999 |
_c4138 _d4138 |
||
| 008 | 200720b ||||| |||| 00| 0 eng d | ||
| 082 | 0 | 0 |
_a621.1 _bD9111 |
| 100 |
_9118 _aDuncan, J. |
||
| 245 | 1 | 0 |
_aSteam and other engines _cby J. Duncan |
| 250 | _a1st ed. | ||
| 260 |
_aLondon _bMacmillan _c1950 |
||
| 300 | _axi, 536 p. | ||
| 365 | _d6.09 | ||
| 650 | 0 | _aSteam Engines | |
| 942 | _cBK | ||